| 000 | 00529nam a2200169 4500 | ||
|---|---|---|---|
| 001 | 139739 | ||
| 003 | ES-MaACL | ||
| 005 | 20250313063302.0 | ||
| 007 | t| | ||
| 008 | 070214n19001980gw r ||||1| ger d | ||
| 100 | 1 |
_aSchiller, Friedrich, _d1759-1805 _9104361 |
|
| 245 | 1 | 0 |
_aGedichte und erzèahlungen / _cJohann Christoph Friedrich von Schiller. |
| 260 |
_aLeipzig : _b[s. n., _c19__?] ( _fdruck Bernhard Tauchnitz) |
||
| 300 |
_a548 p. ; _c18 x 11 cm. |
||
| 852 |
_aES-MaACL _jG-150 |
||
| 999 |
_c139739 _d139739 |
||